000 00612nam a2200217 i 4500
001 17381
003 ES-MaACL
005 20240503101438.0
007 t|
008 010227s2000 sp ||||1| spa d
020 _a84-7731-363-6
080 _a821.134.2-14"19"
100 1 _aZardoya, Concha,
_d1914-2004
_9118071
245 1 0 _aUltima Thule /
_cConcha Zardoya.
260 _aMadrid :
_bEndymion,
_c[2000]
300 _a262 p. ;
_c20 cm.
490 1 _aPoesía
830 0 _aPoesía
_9177794
852 _aES-MaACL
_jL-24422
_bR.129540
_q. - Ded. autógr. de la autora
999 _c17381
_d17381